[Event "Tradewise Gibraltar Masters 16th"]
[Site "Gibraltar"]
[Date "2018.01.26"]
[Round "4.14"]
[White "Debashis, Das"]
[Black "Vocaturo, Daniele"]
[Result "1/2-1/2"]
[WhiteElo "2501"]
[BlackElo "2609"]
[PlyCount "93"]
[EventDate "2018.01.23"]
[EventType "swiss"]
[EventRounds "10"]
[EventCountry "GGB"]
[SourceTitle "BritBase"]
[Source "www.saund.co.uk"]
[SourceDate "2018.02.10"]
[SourceVersion "1"]
[SourceVersionDate "2018.02.10"]
[SourceQuality "1"]

1. d4 Nf6 2. c4 b6 3. f3 e6 4. Nc3 d5 5. cxd5 exd5 6. Bg5 Be7 7. e3 O-O 8. Bd3
Bb7 9. Nge2 c5 10. O-O Nc6 11. Kh1 Re8 12. Rc1 g6 13. Nf4 cxd4 14. exd4 Qd6 15.
Bc2 Ba6 16. Bd3 Bxd3 17. Qxd3 Rac8 18. Rcd1 Kg7 19. Nfe2 Nh5 20. Be3 Kg8 21. g4
Ng7 22. Nf4 Nb4 23. Qd2 g5 24. a3 gxf4 25. Bxf4 Qg6 26. axb4 Bxb4 27. Be5 f6
28. Bg3 Ne6 29. Be1 Rc4 30. Bf2 Ng5 31. Bg1 Bxc3 32. bxc3 Rc6 33. h4 Nf7 34.
Rfe1 Nd6 35. Rxe8+ Qxe8 36. Re1 Qf7 37. Re2 Ne8 38. Qe1 Kf8 39. Bh2 Ng7 40. h5
Ne6 41. Kg2 Qd7 42. Qb1 Nd8 43. Qb4+ Kf7 44. Qb1 Kf8 45. Qb4+ Kf7 46. Qb1 Kf8
47. Qb4+ 1/2-1/2

[Event "Tradewise Gibraltar Masters 16th"]
[Site "Gibraltar"]
[Date "2018.01.26"]
[Round "4.15"]
[White "Gagare, Shardul"]
[Black "Papp, Gabor"]
[Result "1/2-1/2"]
[WhiteElo "2494"]
[BlackElo "2607"]
[PlyCount "75"]
[EventDate "2018.01.23"]
[EventType "swiss"]
[EventRounds "10"]
[EventCountry "GGB"]
[SourceTitle "BritBase"]
[Source "www.saund.co.uk"]
[SourceDate "2018.02.10"]
[SourceVersion "1"]
[SourceVersionDate "2018.02.10"]
[SourceQuality "1"]

1. d4 Nf6 2. c4 g6 3. Nf3 Bg7 4. g3 O-O 5. Bg2 c5 6. Nc3 cxd4 7. Nxd4 Nc6 8.
O-O d6 9. e3 Bd7 10. b3 Qa5 11. Bb2 Rfc8 12. h3 a6 13. Qe2 Rab8 14. Rac1 e6 15.
Rfd1 b5 16. Nxc6 Bxc6 17. Bxc6 Rxc6 18. cxb5 axb5 19. Nxb5 Rxc1 20. Rxc1 Qxa2
21. Nxd6 Nd5 22. Rc2 Qxb3 23. Bxg7 Kxg7 24. e4 Ne7 25. Qd2 e5 26. Kg2 Qb6 27.
Nc4 Qc6 28. Nd6 Qb6 29. Nc4 Qe6 30. Qd6 Qxd6 31. Nxd6 Rd8 32. Rc7 Rxd6 33. Rxe7
Kf6 34. Rb7 Rd4 35. Kf3 Rd3+ 36. Ke2 Ra3 37. h4 h5 38. Rb6+ 1/2-1/2

[Event "Tradewise Gibraltar Masters 16th"]
[Site "Gibraltar"]
[Date "2018.01.26"]
[Round "4.16"]
[White "Svane, Rasmus"]
[Black "Salomon, Johan"]
[Result "1-0"]
[WhiteElo "2595"]
[BlackElo "2476"]
[PlyCount "61"]
[EventDate "2018.01.23"]
[EventType "swiss"]
[EventRounds "10"]
[EventCountry "GGB"]
[SourceTitle "BritBase"]
[Source "www.saund.co.uk"]
[SourceDate "2018.02.10"]
[SourceVersion "1"]
[SourceVersionDate "2018.02.10"]
[SourceQuality "1"]

1. Nf3 d5 2. g3 g6 3. Bg2 Bg7 4. d4 Nf6 5. O-O O-O 6. c4 c6 7. Qb3 Qb6 8. Nc3
Rd8 9. Na4 Qxb3 10. axb3 Na6 11. Nc3 Bf5 12. Bf4 Ne4 13. Rfc1 h6 14. Ra5 e6 15.
h4 f6 16. Nxe4 Bxe4 17. Be3 Kf7 18. Rca1 g5 19. c5 g4 20. Ne1 Bxg2 21. Kxg2 e5
22. Nc2 h5 23. b4 Rdb8 24. b5 cxb5 25. c6 Nc7 26. Rxa7 Rxa7 27. Rxa7 Ke6 28.
dxe5 fxe5 29. Bb6 Kd6 30. Nb4 Na6 31. Nxa6 1-0

[Event "Tradewise Gibraltar Masters 16th"]
[Site "Gibraltar"]
[Date "2018.01.26"]
[Round "4.17"]
[White "Buhmann, Rainer"]
[Black "Saduakassova, Dinara"]
[Result "1/2-1/2"]
[WhiteElo "2587"]
[BlackElo "2470"]
[PlyCount "159"]
[EventDate "2018.01.23"]
[EventType "swiss"]
[EventRounds "10"]
[EventCountry "GGB"]
[SourceTitle "BritBase"]
[Source "www.saund.co.uk"]
[SourceDate "2018.02.10"]
[SourceVersion "1"]
[SourceVersionDate "2018.02.10"]
[SourceQuality "1"]

1. d4 Nf6 2. c4 e6 3. Nc3 Bb4 4. e3 O-O 5. Nf3 c5 6. Bd3 b6 7. O-O Bb7 8. Na4
cxd4 9. exd4 Be7 10. a3 Qc7 11. b4 Ng4 12. g3 d6 13. Bb2 Nd7 14. Rc1 Rac8 15.
Nc3 Qb8 16. Re1 Qa8 17. Nd2 Ngf6 18. Bf1 Rfe8 19. Bh3 Bf8 20. Ne2 Rc7 21. Nf4
e5 22. Nd3 a5 23. Qb3 Ne4 24. Nxe4 Bxe4 25. f4 a4 26. Qd1 exd4 27. Nf2 Bb7 28.
Qxd4 d5 29. cxd5 Rxe1+ 30. Rxe1 Bxd5 31. Ng4 Qc6 32. Ne3 Be6 33. Rc1 Qd6 34.
Rxc7 Qxc7 35. Bxe6 fxe6 36. Qe4 Qd6 37. Bd4 b5 38. f5 e5 39. Bc3 Be7 40. h4 Bf6
41. Qd5+ Qxd5 42. Nxd5 Bd8 43. Kf2 Bb6+ 44. Kf3 h5 45. Bd2 Kf7 46. Be3 Bd4 47.
Nc7 Bb2 48. Nxb5 Ke7 49. Ke2 Kf6 50. Nd6 g6 51. Nc4 Ba1 52. fxg6 Kxg6 53. b5
Kf5 54. Nb6 Nxb6 55. Bxb6 Ke4 56. Bc5 Kd5 57. b6 Kc6 58. Kd3 Bb2 59. Ke4 Bc3
60. g4 hxg4 61. h5 g3 62. Kf3 e4+ 63. Kxe4 g2 64. b7 Kxb7 65. h6 Kc6 66. Be3
Bd2 67. h7 Bxe3 68. h8=Q g1=Q 69. Qa8+ Kb5 70. Qe8+ Ka5 71. Qd8+ Bb6 72. Qd2+
Ka6 73. Qd3+ Ka5 74. Qd2+ Ka6 75. Qd3+ Kb7 76. Qd7+ Kb8 77. Qe8+ Kc7 78. Qe7+
Kc6 79. Qe6+ Kb5 80. Qd7+ 1/2-1/2

[Event "Tradewise Gibraltar Masters 16th"]
[Site "Gibraltar"]
[Date "2018.01.26"]
[Round "4.18"]
[White "Narayanan, SL."]
[Black "Dragnev, Valentin"]
[Result "1/2-1/2"]
[WhiteElo "2573"]
[BlackElo "2466"]
[PlyCount "70"]
[EventDate "2018.01.23"]
[EventType "swiss"]
[EventRounds "10"]
[EventCountry "GGB"]
[SourceTitle "BritBase"]
[Source "www.saund.co.uk"]
[SourceDate "2018.02.10"]
[SourceVersion "1"]
[SourceVersionDate "2018.02.10"]
[SourceQuality "1"]

1. e4 e6 2. d4 d5 3. Nd2 c5 4. exd5 Qxd5 5. dxc5 Nf6 6. Ngf3 Qxc5 7. Bd3 Qc7 8.
O-O Nbd7 9. Qe2 Nc5 10. Bc4 a6 11. a4 b6 12. b3 Be7 13. Bb2 O-O 14. Qe5 Bd6 15.
Qg5 h6 16. Qh4 Ncd7 17. Ne4 Nxe4 18. Qxe4 Bb7 19. Qg4 Ne5 20. Nxe5 Bxe5 21.
Bxe5 Qxe5 22. Rfe1 Qc5 23. Qe2 Rfd8 24. Rad1 Qg5 25. f3 Rxd1 26. Rxd1 Rd8 27.
Rxd8+ Qxd8 28. Kf1 Kf8 29. Bxa6 Bxa6 30. Qxa6 Qd1+ 31. Kf2 Qxc2+ 32. Kg3 Qxb3
33. Qc8+ Ke7 34. Qb7+ Kf6 35. a5 Qe3 1/2-1/2

[Event "Tradewise Gibraltar Masters 16th"]
[Site "Gibraltar"]
[Date "2018.01.26"]
[Round "4.19"]
[White "Ju, Wenjun"]
[Black "Venkatesh, Marani Rajendran"]
[Result "1/2-1/2"]
[WhiteElo "2572"]
[BlackElo "2445"]
[PlyCount "43"]
[EventDate "2018.01.23"]
[EventType "swiss"]
[EventRounds "10"]
[EventCountry "GGB"]
[SourceTitle "BritBase"]
[Source "www.saund.co.uk"]
[SourceDate "2018.02.10"]
[SourceVersion "1"]
[SourceVersionDate "2018.02.10"]
[SourceQuality "1"]

1. d4 Nf6 2. c4 e6 3. Nf3 Bb4+ 4. Bd2 Bxd2+ 5. Qxd2 O-O 6. g3 d5 7. Bg2 c6 8.
O-O Nbd7 9. b3 b6 10. a4 a5 11. Qb2 Ba6 12. Nbd2 Rc8 13. Rfd1 Qe7 14. Rac1 c5
15. e3 Rc7 16. Ne5 cxd4 17. exd4 Rfc8 18. Bf1 Bb7 19. Bg2 Ba6 20. Bf1 Bb7 21.
Bg2 Ba6 22. Bf1 1/2-1/2

[Event "Tradewise Gibraltar Masters 16th"]
[Site "Gibraltar"]
[Date "2018.01.26"]
[Round "4.20"]
[White "Moussard, Jules"]
[Black "Swayams, Mishra"]
[Result "1-0"]
[WhiteElo "2571"]
[BlackElo "2432"]
[PlyCount "135"]
[EventDate "2018.01.23"]
[EventType "swiss"]
[EventRounds "10"]
[EventCountry "GGB"]
[SourceTitle "BritBase"]
[Source "www.saund.co.uk"]
[SourceDate "2018.02.10"]
[SourceVersion "1"]
[SourceVersionDate "2018.02.10"]
[SourceQuality "1"]

1. Nf3 Nf6 2. d4 e6 3. Bg5 h6 4. Bxf6 Qxf6 5. e4 b6 6. Bd3 Bb7 7. Nbd2 d6 8. c3
Qd8 9. O-O Nd7 10. Qe2 g6 11. h4 Bg7 12. h5 gxh5 13. e5 Qe7 14. Rfe1 O-O 15.
Be4 Bxe4 16. Qxe4 dxe5 17. Nxe5 Nxe5 18. dxe5 Rad8 19. Nf3 Rd5 20. Rad1 Rfd8
21. Rxd5 Rxd5 22. c4 Rd8 23. g3 Qb4 24. b3 a5 25. Qc2 Qc5 26. Qe2 Qb4 27. Kg2
Qc3 28. Qe4 Qb2 29. Qc6 Qxa2 30. Qxc7 Rd3 31. Re4 Rxf3 32. Kxf3 Qxb3+ 33. Kg2
Qb1 34. Rf4 Qg6 35. Qd8+ Kh7 36. Qxb6 Bxe5 37. Rf3 h4 38. Qxa5 Qe4 39. Qa3 Qxc4
40. Qe7 Bg7 41. Rxf7 Qe4+ 42. f3 Qg6 43. g4 Kg8 44. Qe8+ Kh7 45. Qd7 h5 46. Kh3
hxg4+ 47. fxg4 Qh6 48. Rf3 Qc1 49. Qd3+ Kh6 50. Rf1 Qg5 51. Qe4 Qe7 52. Rf5
Qa3+ 53. Rf3 Qe7 54. Re3 Qf6 55. Qd3 Qg6 56. Qe2 e5 57. Kxh4 Qg5+ 58. Kh3 Bf6
59. Kg2 Qf4 60. Rh3+ Kg6 61. Qd3+ e4 62. Qd7 Bg7 63. Qe6+ Bf6 64. Qe8+ Kg7 65.
Qh8+ Kf7 66. Rh7+ Ke6 67. Qc8+ Kd5 68. Rd7+ 1-0

[Event "Tradewise Gibraltar Masters 16th"]
[Site "Gibraltar"]
[Date "2018.01.26"]
[Round "4.21"]
[White "Esipenko, Andrey"]
[Black "Vega Gutierrez, Sabrina"]
[Result "1-0"]
[WhiteElo "2571"]
[BlackElo "2427"]
[PlyCount "43"]
[EventDate "2018.01.23"]
[EventType "swiss"]
[EventRounds "10"]
[EventCountry "GGB"]
[SourceTitle "BritBase"]
[Source "www.saund.co.uk"]
[SourceDate "2018.02.10"]
[SourceVersion "1"]
[SourceVersionDate "2018.02.10"]
[SourceQuality "1"]

1. d4 d5 2. c4 e6 3. Nf3 c6 4. Qc2 dxc4 5. Qxc4 Nf6 6. Nbd2 Nbd7 7. g3 c5 8.
dxc5 Bxc5 9. Bg2 O-O 10. O-O Be7 11. Qc2 Nb6 12. Ne5 Nbd5 13. Qb3 a5 14. a4 Qd6
15. Ndc4 Qa6 16. e4 Nb4 17. Be3 Nd7 18. Nxd7 Bxd7 19. Nb6 Rad8 20. Rfd1 Bc6 21.
Bf1 Qa7 22. Nc8 1-0

[Event "Tradewise Gibraltar Masters 16th"]
[Site "Gibraltar"]
[Date "2018.01.26"]
[Round "4.22"]
[White "Stefanova, Antoaneta"]
[Black "Navara, David"]
[Result "0-1"]
[WhiteElo "2489"]
[BlackElo "2749"]
[PlyCount "60"]
[EventDate "2018.01.23"]
[EventType "swiss"]
[EventRounds "10"]
[EventCountry "GGB"]
[SourceTitle "BritBase"]
[Source "www.saund.co.uk"]
[SourceDate "2018.02.10"]
[SourceVersion "1"]
[SourceVersionDate "2018.02.10"]
[SourceQuality "1"]

1. d4 Nf6 2. Bf4 d5 3. e3 c5 4. c3 Nc6 5. Nd2 e6 6. Ngf3 Bd6 7. Bg3 O-O 8. Bd3
b6 9. Ne5 Bb7 10. f4 Ne7 11. Qf3 Nf5 12. Bf2 Be7 13. g4 Nd6 14. g5 Nfe4 15. Qh3
Rc8 16. Rd1 c4 17. Bc2 b5 18. Rg1 b4 19. Nxe4 dxe4 20. Ng4 bxc3 21. bxc3 Qa5
22. Kd2 Bd5 23. a4 Rb8 24. Rb1 Rb3 25. Bxb3 cxb3 26. Nf6+ Bxf6 27. gxf6 g6 28.
Rg5 Qxa4 29. Ke1 Qa2 30. Rd1 Bc4 0-1

[Event "Tradewise Gibraltar Masters 16th"]
[Site "Gibraltar"]
[Date "2018.01.26"]
[Round "4.23"]
[White "Harikrishna, Pentala"]
[Black "Studer, Noel"]
[Result "1-0"]
[WhiteElo "2745"]
[BlackElo "2476"]
[PlyCount "123"]
[EventDate "2018.01.23"]
[EventType "swiss"]
[EventRounds "10"]
[EventCountry "GGB"]
[SourceTitle "BritBase"]
[Source "www.saund.co.uk"]
[SourceDate "2018.02.10"]
[SourceVersion "1"]
[SourceVersionDate "2018.02.10"]
[SourceQuality "1"]

1. e4 e6 2. d4 d5 3. Nc3 dxe4 4. Nxe4 Nd7 5. g3 Ngf6 6. Nxf6+ Nxf6 7. Bg2 e5 8.
Ne2 exd4 9. Qxd4 Be7 10. Bf4 O-O 11. O-O c6 12. a4 Bg4 13. Rfe1 Qa5 14. Qe5
Qxe5 15. Bxe5 a5 16. Nd4 Bc5 17. h3 Bh5 18. Nb3 Bb6 19. c4 Rfc8 20. Bf4 Bg6 21.
Re7 Ra7 22. Rae1 h6 23. Be3 c5 24. Rxb7 Rxb7 25. Bxb7 Rc7 26. Bf3 Bc2 27. Bd1
Bd3 28. Nd2 Re7 29. Bf3 Nd7 30. Rc1 Ne5 31. Bg2 Bf5 32. Bf1 Bd7 33. Ra1 Bf5 34.
Rc1 Bd7 35. b3 Bf5 36. Rc3 h5 37. Kg2 Rd7 38. Be2 g6 39. f4 Nc6 40. g4 Nd4 41.
Bd1 Bd8 42. gxf5 Nxf5 43. Kf2 Bh4+ 44. Ke2 Bf6 45. Ne4 Bxc3 46. Nxc3 Ng3+ 47.
Ke1 Nf5 48. Ke2 Ng3+ 49. Kf3 Rd3 50. Nd5 Rxd1 51. Kxg3 Rd3 52. Kg2 Rxb3 53.
Bxc5 Rb2+ 54. Kf3 Rh2 55. Be3 Kf8 56. c5 Rc2 57. Ke4 Rc4+ 58. Kd3 Rxa4 59. c6
Ke8 60. Nf6+ Kd8 61. Bb6+ Kc8 62. Nd5 1-0

[Event "Tradewise Gibraltar Masters 16th"]
[Site "Gibraltar"]
[Date "2018.01.26"]
[Round "4.24"]
[White "Vitiugov, Nikita"]
[Black "Cernousek, Lukas"]
[Result "1-0"]
[WhiteElo "2732"]
[BlackElo "2468"]
[PlyCount "91"]
[EventDate "2018.01.23"]
[EventType "swiss"]
[EventRounds "10"]
[EventCountry "GGB"]
[SourceTitle "BritBase"]
[Source "www.saund.co.uk"]
[SourceDate "2018.02.10"]
[SourceVersion "1"]
[SourceVersionDate "2018.02.10"]
[SourceQuality "1"]

1. d4 d5 2. Nf3 Nf6 3. c4 dxc4 4. e3 e6 5. Bxc4 c5 6. O-O a6 7. Be2 Nc6 8. dxc5
Qxd1 9. Rxd1 Bxc5 10. b3 O-O 11. Bb2 Rd8 12. Nbd2 Bd7 13. Rac1 Be7 14. Ne1 Be8
15. Bf3 Bb4 16. Nc4 Rxd1 17. Rxd1 Rd8 18. Rxd8 Nxd8 19. Nd3 Be7 20. Na5 Nd5 21.
Bd4 Bb5 22. Bxd5 Bxd3 23. Bf3 Bb1 24. a4 Bc2 25. Bb6 Kf8 26. Kf1 Ke8 27. Nxb7
Nxb7 28. Bxb7 Bxb3 29. Bc6+ Kf8 30. Ke2 Bc4+ 31. Kf3 f5 32. e4 Bg5 33. Be3 Be7
34. exf5 exf5 35. Kf4 g6 36. Ke5 Bb4 37. Bd5 Bd3 38. Ke6 Ke8 39. Bg5 Bc5 40.
Bc6+ Kf8 41. Bh6+ Kg8 42. Bd5 Bd4 43. Ke7+ Kh8 44. Kf7 Bc2 45. a5 Bd3 46. Bg5
1-0

[Event "Tradewise Gibraltar Masters 16th"]
[Site "Gibraltar"]
[Date "2018.01.26"]
[Round "4.26"]
[White "Xu, Yi"]
[Black "Wang, Hao"]
[Result "0-1"]
[WhiteElo "2482"]
[BlackElo "2711"]
[PlyCount "64"]
[EventDate "2018.01.23"]
[EventType "swiss"]
[EventRounds "10"]
[EventCountry "GGB"]
[SourceTitle "BritBase"]
[Source "www.saund.co.uk"]
[SourceDate "2018.02.10"]
[SourceVersion "1"]
[SourceVersionDate "2018.02.10"]
[SourceQuality "1"]

1. e4 c5 2. Nf3 Nc6 3. Bb5 e6 4. Bxc6 bxc6 5. d3 Ne7 6. h4 h5 7. e5 Nf5 8. Nbd2
f6 9. Nc4 d5 10. exd6 Bxd6 11. Nxd6+ Qxd6 12. b3 Qd5 13. Ba3 c4 14. O-O cxd3
15. Qxd3 Qxd3 16. cxd3 a5 17. d4 a4 18. Bc5 Ba6 19. Rfe1 Kf7 20. g3 Bb5 21. b4
Bc4 22. Nd2 Bd5 23. Nf1 g5 24. hxg5 Rag8 25. Ne3 Nxe3 26. fxe3 Rxg5 27. Bd6 Rg4
28. Bf4 Be4 29. Kf1 h4 30. gxh4 Rhxh4 31. Ke2 Rg2+ 32. Kd1 e5 0-1

[Event "Tradewise Gibraltar Masters 16th"]
[Site "Gibraltar"]
[Date "2018.01.26"]
[Round "4.27"]
[White "Cheparinov, Ivan"]
[Black "Lou, Yiping"]
[Result "1-0"]
[WhiteElo "2699"]
[BlackElo "2462"]
[PlyCount "91"]
[EventDate "2018.01.23"]
[EventType "swiss"]
[EventRounds "10"]
[EventCountry "GGB"]
[SourceTitle "BritBase"]
[Source "www.saund.co.uk"]
[SourceDate "2018.02.10"]
[SourceVersion "1"]
[SourceVersionDate "2018.02.10"]
[SourceQuality "1"]

1. e4 e6 2. d4 d5 3. Nc3 Bb4 4. e5 c5 5. a3 Bxc3+ 6. bxc3 Ne7 7. Qg4 Kf8 8. a4
Qc7 9. Bd2 cxd4 10. cxd4 Qxc2 11. Rc1 Qe4+ 12. Qxe4 dxe4 13. Ne2 Nbc6 14. Ng3
Nd5 15. Be3 f5 16. exf6 Nxf6 17. h4 Bd7 18. h5 Nb4 19. Rh4 Bc6 20. h6 Kf7 21.
hxg7 Kxg7 22. Bf4 Rac8 23. Be5 Kg6 24. Rc4 a5 25. Bxf6 Kxf6 26. Nxe4+ Ke7 27.
Kd2 Rcd8 28. Nc3 h6 29. Rc5 Rhf8 30. f3 Rf5 31. Rxf5 exf5 32. Nb5 Rh8 33. Bc4
Kf6 34. Rh1 h5 35. Re1 h4 36. Nd6 Bd7 37. Nxb7 Bxa4 38. Nxa5 h3 39. gxh3 Rxh3
40. Ra1 Nc2 41. Rxa4 Nxd4 42. f4 Nf3+ 43. Kd1 Nh4 44. Be2 Rh2 45. Nb3 Rf2 46.
Nc1 1-0

[Event "Tradewise Gibraltar Masters 16th"]
[Site "Gibraltar"]
[Date "2018.01.26"]
[Round "4.28"]
[White "Dubov, Daniil"]
[Black "Grinberg, Eyal"]
[Result "1-0"]
[WhiteElo "2694"]
[BlackElo "2448"]
[PlyCount "57"]
[EventDate "2018.01.23"]
[EventType "swiss"]
[EventRounds "10"]
[EventCountry "GGB"]
[SourceTitle "BritBase"]
[Source "www.saund.co.uk"]
[SourceDate "2018.02.10"]
[SourceVersion "1"]
[SourceVersionDate "2018.02.10"]
[SourceQuality "1"]

1. Nf3 d5 2. d4 Nf6 3. c4 c6 4. e3 e6 5. b3 c5 6. cxd5 Nxd5 7. Nbd2 cxd4 8.
Nxd4 Be7 9. Bb2 O-O 10. Bc4 Nb6 11. Bd3 N8d7 12. O-O Nc5 13. Bc2 Bd7 14. Qe2
Rc8 15. Rfd1 Qc7 16. Rac1 Qb8 17. Qg4 g6 18. N4f3 Nd5 19. Nc4 h5 20. Qh3 e5 21.
Qg3 Nf4 22. Rd2 h4 23. Nxh4 Nh5 24. Nxg6 Nxg3 25. Nxe7+ Kg7 26. Bxe5+ Qxe5 27.
Nxe5 Nge4 28. Bxe4 Nxe4 29. Nxc8 1-0

[Event "Tradewise Gibraltar Masters 16th"]
[Site "Gibraltar"]
[Date "2018.01.26"]
[Round "4.29"]
[White "Short, Nigel D"]
[Black "Cawdery, Daniel"]
[Result "1-0"]
[WhiteElo "2681"]
[BlackElo "2446"]
[PlyCount "41"]
[EventDate "2018.01.23"]
[EventType "swiss"]
[EventRounds "10"]
[EventCountry "GGB"]
[SourceTitle "BritBase"]
[Source "www.saund.co.uk"]
[SourceDate "2018.02.10"]
[SourceVersion "1"]
[SourceVersionDate "2018.02.10"]
[SourceQuality "1"]

1. d4 Nf6 2. Bf4 g6 3. Nc3 d5 4. e3 Bg7 5. h4 O-O 6. h5 c5 7. hxg6 hxg6 8. Qd2
Nc6 9. Nge2 Re8 10. O-O-O b5 11. Nxb5 e5 12. Bg5 Rb8 13. Nbc3 Bf5 14. dxc5 Qa5
15. Bxf6 Qb4 16. Na4 Qxa4 17. Bxg7 Rxb2 18. Kxb2 Rb8+ 19. Ka1 Kxg7 20. Nc3 Qa3
21. Rb1 1-0

[Event "Tradewise Gibraltar Masters 16th"]
[Site "Gibraltar"]
[Date "2018.01.26"]
[Round "4.31"]
[White "Prasanna, Raghuram Rao"]
[Black "Anton Guijarro, David"]
[Result "1-0"]
[WhiteElo "2458"]
[BlackElo "2666"]
[PlyCount "135"]
[EventDate "2018.01.23"]
[EventType "swiss"]
[EventRounds "10"]
[EventCountry "GGB"]
[SourceTitle "BritBase"]
[Source "www.saund.co.uk"]
[SourceDate "2018.02.10"]
[SourceVersion "1"]
[SourceVersionDate "2018.02.10"]
[SourceQuality "1"]

1. d4 Nf6 2. c4 e6 3. Nf3 d5 4. g3 Bb4+ 5. Nbd2 O-O 6. Bg2 b6 7. O-O Bb7 8. Ne5
a5 9. Qc2 Na6 10. a3 Bd6 11. cxd5 exd5 12. Ndc4 c5 13. Nxd6 Qxd6 14. Bf4 Qe6
15. Nf3 Ne4 16. dxc5 bxc5 17. Rfd1 Rfe8 18. Qb3 Re7 19. Ng5 Nxg5 20. Bxg5 Rd7
21. Rac1 d4 22. Qxe6 fxe6 23. Bf4 Bxg2 24. Kxg2 Rd5 25. e4 Rd7 26. Rc4 Rb7 27.
Rd2 Kf7 28. Be5 g5 29. h3 h5 30. Kf1 g4 31. Kg2 Ke7 32. Rcc2 Rb3 33. hxg4 hxg4
34. Rd1 Kd7 35. Rh1 d3 36. Rcc1 Kc6 37. Rh7 Rc8 38. Re7 Nc7 39. Kf1 a4 40. Ke1
Nb5 41. Rc4 Nd6 42. Rxa4 Nxe4 43. Rxe4 Kd5 44. Re3 d2+ 45. Kxd2 Rxe3 46. Kxe3
Kxe5 47. Rb7 Rf8 48. Rb5 Rf3+ 49. Ke2 Kd4 50. a4 Rf8 51. a5 Ra8 52. b3 e5 53.
Ke1 Ra7 54. Kd2 Ra8 55. Ke2 Ra7 56. b4 c4 57. Rb6 Kc3 58. a6 Ra8 59. b5 Kb4 60.
Kd2 c3+ 61. Kc2 Rf8 62. a7 e4 63. Rf6 Rxf6 64. a8=Q Rxf2+ 65. Kd1 Kb3 66. Qd5+
Kb2 67. Qd4 Rf3 68. Qb4+ 1-0

[Event "Tradewise Gibraltar Masters 16th"]
[Site "Gibraltar"]
[Date "2018.01.26"]
[Round "4.32"]
[White "Cramling, Pia"]
[Black "Banusz, Tamas"]
[Result "1-0"]
[WhiteElo "2449"]
[BlackElo "2641"]
[PlyCount "153"]
[EventDate "2018.01.23"]
[EventType "swiss"]
[EventRounds "10"]
[EventCountry "GGB"]
[SourceTitle "BritBase"]
[Source "www.saund.co.uk"]
[SourceDate "2018.02.10"]
[SourceVersion "1"]
[SourceVersionDate "2018.02.10"]
[SourceQuality "1"]

1. d4 d5 2. c4 c6 3. cxd5 cxd5 4. Nc3 Nf6 5. Bf4 Nc6 6. e3 Bf5 7. Qb3 Na5 8.
Qa4+ Bd7 9. Qc2 e6 10. Nf3 Be7 11. h3 Ne4 12. Bd3 f5 13. Ne5 Rc8 14. O-O O-O
15. Rac1 Nc6 16. Qe2 Nxe5 17. Bxe5 Qa5 18. Bxe4 dxe4 19. Rc2 b5 20. a3 Qb6 21.
Rfc1 Qb7 22. Na2 Rxc2 23. Rxc2 Rc8 24. Qd2 Bd8 25. Nc1 Rxc2 26. Qxc2 b4 27.
axb4 Qxb4 28. Nb3 Bh4 29. Qc7 f4 30. Bxf4 h6 31. Qb8+ Qxb8 32. Bxb8 Be7 33.
Bxa7 Ba4 34. Nd2 Bc2 35. Bc5 Bd8 36. Nc4 Bd3 37. b3 Bc7 38. f3 Kf7 39. fxe4
Bxe4 40. Bd6 Bd8 41. b4 Ke8 42. Be5 Bd5 43. Nb2 Kf7 44. Bd6 Ke8 45. Nd3 Bc4 46.
Nc5 Bb6 47. Ne4 Bd3 48. Nc3 Bd8 49. Kf2 Kd7 50. Bf8 Bf6 51. Na4 Ke8 52. Bd6 Bd8
53. Nc5 Bc4 54. Be5 g6 55. Bd6 h5 56. Kf3 Bb6 57. Na4 Bd8 58. Nc5 Bb6 59. e4
Bxc5 60. bxc5 Kd7 61. h4 Kc6 62. Kf4 Bf1 63. Kg5 Bxg2 64. Kxg6 Bf3 65. Kg5 Be2
66. Bg3 Bf3 67. Bh2 Be2 68. Bg1 Bf3 69. Bf2 Be2 70. Kf6 Bf3 71. d5+ exd5 72. e5
d4 73. Bxd4 Kd5 74. Bf2 Bg4 75. c6 Bh3 76. c7 Bg4 77. Bg3 1-0

[Event "Tradewise Gibraltar Masters 16th"]
[Site "Gibraltar"]
[Date "2018.01.26"]
[Round "4.33"]
[White "Gupta, Abhijeet"]
[Black "Esserman, Marc"]
[Result "1-0"]
[WhiteElo "2610"]
[BlackElo "2446"]
[PlyCount "37"]
[EventDate "2018.01.23"]
[EventType "swiss"]
[EventRounds "10"]
[EventCountry "GGB"]
[SourceTitle "BritBase"]
[Source "www.saund.co.uk"]
[SourceDate "2018.02.10"]
[SourceVersion "1"]
[SourceVersionDate "2018.02.10"]
[SourceQuality "1"]

1. d4 d5 2. c4 c6 3. Nf3 Nf6 4. Nc3 e6 5. Bg5 h6 6. Bh4 dxc4 7. e4 g5 8. Bg3 b5
9. Be2 Bb7 10. h4 g4 11. Ne5 Nbd7 12. Nxd7 Nxd7 13. Bxg4 Rg8 14. O-O b4 15. Na4
c5 16. d5 Nf6 17. Bf3 Rxg3 18. fxg3 exd5 19. e5 1-0

[Event "Tradewise Gibraltar Masters 16th"]
[Site "Gibraltar"]
[Date "2018.01.26"]
[Round "4.34"]
[White "Oparin, Grigoriy"]
[Black "Akesson, Ralf"]
[Result "1-0"]
[WhiteElo "2607"]
[BlackElo "2443"]
[PlyCount "77"]
[EventDate "2018.01.23"]
[EventType "swiss"]
[EventRounds "10"]
[EventCountry "GGB"]
[SourceTitle "BritBase"]
[Source "www.saund.co.uk"]
[SourceDate "2018.02.10"]
[SourceVersion "1"]
[SourceVersionDate "2018.02.10"]
[SourceQuality "1"]

1. e4 e6 2. d4 d5 3. Nc3 dxe4 4. Nxe4 Bd7 5. Nf3 Bc6 6. Bd3 Nd7 7. O-O Ngf6 8.
Ng3 g6 9. c4 Bxf3 10. Qxf3 c6 11. Re1 Bg7 12. Bf4 O-O 13. Rad1 Re8 14. Bc2 Qb6
15. b3 Qa5 16. a4 Rad8 17. Bd6 Rc8 18. b4 Qd8 19. Qb3 a6 20. a5 Nf8 21. Bf4
N8d7 22. h3 Bf8 23. Nf1 Nh5 24. Bh2 Nb8 25. Ne3 Bd6 26. Be5 Bf8 27. Be4 Nd7 28.
Bh2 Qe7 29. Rb1 Nhf6 30. Bf3 Qd8 31. Red1 Bh6 32. Rb2 Bg7 33. Ra2 Ra8 34. Bg3
Bf8 35. d5 cxd5 36. cxd5 e5 37. d6 Rb8 38. Bh4 b6 39. Bd5 1-0

[Event "Tradewise Gibraltar Masters 16th"]
[Site "Gibraltar"]
[Date "2018.01.26"]
[Round "4.35"]
[White "Bindrich, Falko"]
[Black "Zhukova, Natalia"]
[Result "1-0"]
[WhiteElo "2605"]
[BlackElo "2438"]
[PlyCount "59"]
[EventDate "2018.01.23"]
[EventType "swiss"]
[EventRounds "10"]
[EventCountry "GGB"]
[SourceTitle "BritBase"]
[Source "www.saund.co.uk"]
[SourceDate "2018.02.10"]
[SourceVersion "1"]
[SourceVersionDate "2018.02.10"]
[SourceQuality "1"]

1. c4 e6 2. d4 Nf6 3. Nf3 d5 4. g3 Bb4+ 5. Bd2 Be7 6. Bg2 O-O 7. O-O Nbd7 8.
Qc2 c6 9. Rd1 b6 10. Bf4 Ba6 11. Ne5 Rc8 12. Nc3 Nxe5 13. dxe5 Nd7 14. cxd5
cxd5 15. e4 g5 16. Be3 Nxe5 17. exd5 Qd7 18. Bd4 Ng6 19. dxe6 Qxe6 20. Re1 Qg4
21. Rad1 Rc4 22. h3 Qc8 23. Qd2 Rd8 24. Nd5 Rxd5 25. Bxd5 Bb4 26. Qe3 Bxe1 27.
Bxc4 Bxc4 28. Rxe1 Qxh3 29. Qe8+ Nf8 30. Qe5 1-0